| 000 | 00417cam a22001337a 4500 | ||
|---|---|---|---|
| 008 | 180718b1982 xxu||||| |||| 00| 0 eng d | ||
| 082 | _aAPPPA 81-82 GUP | ||
| 100 | _aGupta, H.S. | ||
| 245 |
_aPublic complaint of telephone service in India _cby H.S. Gupta |
||
| 260 |
_aNew Delhi _bIndian Institute of Public Administration _c1982 |
||
| 300 | _a120p. | ||
| 650 | _aTelephone service-India | ||
| 650 | _aPublic complaint | ||
| 999 |
_c501312 _d501312 |
||